Normal view
MARC view
Entry Personal Name
001 - CONTROL NUMBER
- control field: 32426
003 - CONTROL NUMBER IDENTIFIER
- control field: dpl
005 - DATE AND TIME OF LATEST TRANSACTION
- control field: 20110810164225.0
008 - FIXED-LENGTH DATA ELEMENTS
- fixed length control field: 110810|||a|||||| | ||| d
040 ## - CATALOGING SOURCE
- Original cataloging agency: dpl
- Transcribing agency: dpl
100 ## - HEADING--PERSONAL NAME
- Personal name: Lahri, Sudesh
670 ## - SOURCE DATA FOUND
- Source citation: Work cat.: (dpl)54607: Lahri, Sudesh , India tourism destination for all seasons / , 2004
670 ## - SOURCE DATA FOUND
- Source citation: Work cat.: (dpl)54607: Lahri, Sudesh , India tourism destination for all seasons / , 2004
